VÝVOJ KÔRNIKA JEDĽOVÉHO (Cryphalus piceae Ratz., Col., Scolytidae) V LABORATÓRNYCH A PRÍRODNÝCH PODMIENKACH

Podrobná bibliografia
Hlavný autor: Gogola, Elemír, 1927-2015 (Autor)
Médium: Článok
Jazyk:slovenčina

MARC

LEADER 00000nab a2200000 a 4500
001 vtls011131676
003 SK-MaSNL
005 20260303150901.0
008 230222|1985 xo |||||||||||||||||slo|
015 |a SNBRB 
035 |a (uuid)3a97c830-6c46-406e-97c2-95f6a3f90f8d 
035 |a (urnnbn)urn:nbn:sk:snk:ar-a09lnf 
035 |a urn:nbn:sk:snk-aba9do 
040 |a SNKBUCL  |b slo  |c SNKBUCL  |e AACR2 
041 0 |a slo 
044 |a xo  |c SK 
100 1 |a Gogola, Elemír,  |d 1927-2015  |4 aut  |9 52294 
245 1 0 |a VÝVOJ KÔRNIKA JEDĽOVÉHO (Cryphalus piceae Ratz., Col., Scolytidae) V LABORATÓRNYCH A PRÍRODNÝCH PODMIENKACH  |c Elemír Gogola 
246 3 |a DEVELOPMENT OF Cryphalus piceae Ratz., Col., Scolytidae UNDER LABORATORY AND NATURAL CONDITIONS 
773 0 |t Acta Facultatis Forestalis Zvolen Czechoslovakia  |g Roč. 27, č. 27 (1985), s. 105-116 
954 |a odborná, vedecká literatúra pôvodná (slovenská)  |2 lita 
958 |a OND 
958 |a EUIPO 
958 |a article13 
999 |c 2014249  |d 2016179